Stati per Aspettative di Vita - Statistics

Statistiche generali
  • Questo quiz è stato fatto 51 volte
  • Il punteggio medio è 11 su 15
Statistiche sulle risposte
Hint Risposta % Corretto
8 Italia
100%
5 Spagna
98%
11 Francia
96%
1 Giappone
96%
2 Svizzera
94%
10 Norvegia
91%
15 Canada
87%
13 Svezia
87%
7 Australia
77%
14 Islanda
74%
12 Lussemburgo
70%
3 Corea del Sud
66%
4 Singapore
43%
6 Cipro
17%
9 Israele
17%
Nessun quiz corrispondente trovato
Distribuzione punteggi
Percentuale di utenti per punteggio
Percentile per numero di risposta
I tuoi punteggi nel tempo
Non hai fatto questo quiz